000257420 001__ 257420 000257420 005__ 20260426040121.0 000257420 0247_ $$aG:(GEPRIS)576019775$$d576019775 000257420 035__ $$aG:(GEPRIS)576019775 000257420 040__ $$aGEPRIS$$chttp://gepris.its.kfa-juelich.de 000257420 150__ $$aVerhinderung postoperativer pulmonaler Komplikationen mit Hilfe eines maschinellen Lernansatzes$$y2026 - 000257420 371__ $$aProfessor Dr.-Ing. Michael Götz 000257420 371__ $$aDr. Simone Kagerbauer 000257420 450__ $$aDFG project G:(GEPRIS)576019775$$wd$$y2026 - 000257420 5101_ $$0I:(DE-588b)2007744-0$$aDeutsche Forschungsgemeinschaft$$bDFG 000257420 680__ $$a 000257420 909CO $$ooai:juser.fz-juelich.de:1056500$$pauthority:GRANT$$pauthority 000257420 909CO $$ooai:juser.fz-juelich.de:1056500 000257420 980__ $$aG 000257420 980__ $$aAUTHORITY
